Deterrence and defense: toward a theory of national security
保存先:
| 第一著者: | |
|---|---|
| フォーマット: | 図書 |
| 言語: | 英語 |
| 出版事項: |
Princeton
Princeton University
1961
|
| 主題: | |
| タグ: |
タグ追加
タグなし, このレコードへの初めてのタグを付けませんか!
|
MARC
| LEADER | 00000nam a2200000 a 4500 | ||
|---|---|---|---|
| 001 | UCT7851 | ||
| 003 | CL-VaPUC | ||
| 008 | 970317e19610000us |||||||||||||||||eng|d | ||
| 082 | 0 | 4 | |a 355.03 |b SNY |2 21 |
| 100 | 0 | |a Snyder, Glenn H |e author |9 379080 | |
| 245 | 1 | 0 | |a Deterrence and defense: toward a theory of national security |
| 300 | |a 294 p | ||
| 942 | |c BK | ||
| 945 | |d 19970317 00:00:00 |a paguirre | ||
| 260 | |a Princeton |b Princeton University |c 1961 | ||
| 650 | 7 | |a SEGURIDAD DEL ESTADO |2 CL-VaPUC |9 336838 | |
| 650 | 0 | |a Defensa |9 258306 | |
| 650 | 0 | |a Estado |9 255503 | |
| 650 | 0 | |a Fuerzas Armadas |9 255504 | |
| 650 | 0 | |a Política internacional |9 255813 | |
| 650 | 7 | |a POLITICA DE DEFENSA |2 CL-VaPUC |9 336840 | |
| 583 | |a last modification |c 20171205 02:50:22 |k Rodrigo Vera | ||
| 999 | |c 256398 |d 256396 | ||
| 952 | |0 0 |1 0 |4 0 |6 355_030000000000000_SNY_1961 |7 0 |8 A |9 279109 |a BIBHIS |b BIBHIS |d 2019-11-19 |i 1208233 |o 355.03 SNY 1961 |p 1208233 |r 2025-01-20 |w 2019-11-19 |y BK |k HIS | ||